| 000 | 01154nam a2200241 i 4500 | ||
|---|---|---|---|
| 001 | 46406 | ||
| 003 | ES-MaACL | ||
| 005 | 20230906161358.0 | ||
| 007 | t| | ||
| 008 | 030328s1949 sp ||||1| spa d | ||
| 245 | 0 | 3 |
_aEl concepto de lo extremeño _b: (resúmenes de estudios durante el curso 1948-1949). |
| 260 |
_aSalamanca : _b[s.n.], _c1949 ( _fImp. Comercial Salmantina) |
||
| 300 |
_a26 p. ; _c24 cm. |
||
| 500 | _aPrecede al tít.: Universidad de Salamanca. Seminario de Estudios Extremeños. | ||
| 505 | 8 | _aContiene: En la etnología y en la historia / Marino Barbero Santos. En el tipo humano de sus conquistadores / Modesto Serna Moreno. En el folklore / Antonio Alvarez Joven. En las letras / Arturo Alvarez Joven. En la filosofía y en el arte / Francisco Elías de Tejada | |
| 700 | 1 |
_aBarbero Santos, Marino. _925445 |
|
| 700 | 1 |
_aSerna Morerno, Modesto. _9105585 |
|
| 700 | 1 |
_aAlvarez Joven, Antonio. _920845 |
|
| 700 | 1 |
_aÁlvarez Joven, Arturo. _920846 |
|
| 700 | 1 |
_aElías de Tejada, Francisco. _946976 |
|
| 710 | 2 |
_aUniversidad de Salamanca. _bSeminario de Estudios Extremeños. _97290 |
|
| 852 |
_aES-MaACL _j1865-F-23 _bR.26064 |
||
| 999 |
_c46406 _d46406 |
||